02406cam a22003734i 4500003000900000005001700009008004100026020001500067020001800082035002000100040003300120082002300153245009200176264006300268300003600331336002100367337002500388338002300413505140400436526001001840526001001850526001001860526001001870526000801880526000801888526000801896526000801904526000801912526000801920526000801928650004201936700002601978700002802004PE-LiUPU20250731172907.0170126s2016 miu rb 001 0 eng d a0802872891 a9780802872890 a(Sirsi) a166592 aPE-LiUPUbspacPE-LiUPUerda04a229.92052bN4922300aNew Testament apocrypha :bmore noncanonical scriptures /cTony Burke and Brent Landau.1 aMichigan :bWilliam B. Eerdmans Publishing Company,c2016. a585 páginas ;c25 centimetros atext2rdacontent aunmediated2rdamedia avolume2rdacarrier04aVolume I. Foreword: The endurance of the Christian apocrypha / J. K. Elliott -- I. Gospels and related traditions of New Testament Figures. The Legend of Aphroditianus ; The Revelation of the Magi ; The Hopsitality of Dysmas -- The Infancy Gospel of Thomas (Syriac) ; On the Priesthood of Jesus ; Papyrus Oxyrhynchus 210 ; Papyrus Oxyrhunchus 5072 ; The Dialogue of the Paralytic with Christ ; The Toledot Yeshu (Aramaic Fragment) ; The Berlin-Strasbourg Apocryphon ; The Discourse of the Savior and the Dance of the Savior ; An Encomium on Mary Magdalene ; The Encomium on John the Baptist ; The Life and Martyrdom of John the Baptist ; The Life of John the Baptist by Serapion / The Legend of the thirty Pieces of Silver ; The Death of Judas according to Papias -- II. Apocryphal Acts and Related Traditions. The Acts of Barnabas ; The Acts of Cornelius the Centurion ; John and the Robber ; The History of Simon Cephas, the Chief of the Apostles ; The Acts of Timothy ; The Acts of Titus ; The Life and Conduct of the Holy Women Xanthippe, Polyxena, and Rebecca -- III. Epistles. The Epistle of Chirst in Heaven ; The Epistles of Pseudo-Dionysius the Areopagite to Timothy concerning the Deaths of the Apostles Peter and Paul -- IV. Apocalypses. The (Latin) Revelation of John about Antichrist ; The Apocalypse of the Virgin ; The Tiburtine Sibyl ; The Investiture of Abbaton, the Angel of Death. aSEG42 aSEG41 aSEG40 aSEG39 aP94 aP87 aP86 aP85 aP77 aP76 aP3504aNuevo testamento, libros apócrifos.1 aBurke, Tony,eeditor.1 aLandau, Brent,eeditor.